000 00601nam a2200205Ia 4500
003 GCL
008 140319s9999 xx 000 0 ara d
040 _aGCL /
_cGCL
082 0 4 _a817
_bع ك
100 1 _aعبدالسلام محمد هارون
245 1 0 _aكناشة النوادر /
_cعبدالسلام محمد هارون
260 _a[S.N] :
_bمكتبة الخانجى ،
_c1985
300 _a176 ص
490 _a
650 0 4 _aالادب العربى
650 0 4 _aالنوادرالعربية
650 0 4 _aالادب الشعبى
650 0 4 _aالنوادر
942 _2ddc
_cBK
999 _c35074
_d35074